Γεώργιος Ν. Χατζιδάκις (1848-1941) βίος και έργον
Αποθηκεύτηκε σε:
| Κύριος συγγραφέας: | |
|---|---|
| Μορφή: | Βιβλίο |
| Γλώσσα: | Greek |
| Δημοσίευση: |
Εν Αθήναις :
Ακαδημία Αθηνών. Κέντρο συντάξεως του ιστορικού λεξικού,
1977.
|
| Σειρά: | Λεξικογραφικόν Δελτίον. Παράρτημα ;
2 Α |
| Θέματα: | |
| Ετικέτες: |
Προσθήκη ετικέτας
Δεν υπάρχουν, Καταχωρήστε ετικέτα πρώτοι!
|
MARC
| LEADER | 00000cam a2200000 i 4500 | ||
|---|---|---|---|
| 001 | 1/10504 | ||
| 008 | 101007s1977 gr | ||| |||| ||gre|| | ||
| 035 | |l 10109035 | ||
| 040 | |a GR-MyUA |b gre |e AACR2 | ||
| 041 | 0 | |a gre | |
| 082 | 0 | |a 489.3092 |2 (22) | |
| 100 | 1 | |a Βαγιακάκος, Δίκαιος Β., |d 1917-2016. | |
| 245 | 1 | 0 | |a Γεώργιος Ν. Χατζιδάκις (1848-1941) βίος και έργον / |c υπό Δικαίου Β. Βαγιακάκου. |
| 260 | |a Εν Αθήναις : |b Ακαδημία Αθηνών. Κέντρο συντάξεως του ιστορικού λεξικού, |c 1977. | ||
| 300 | |a 142, [15] σ. : |b έγχρ. εικ. ; |c 25 εκ. | ||
| 490 | 1 | |a (Λεξικογραφικόν δελτίο / Ακαδημία Αθηνών. Κέντρο συντάξεως του ιστορικού λεξικού. Παράρτημα |v ; 2 Α) | |
| 600 | 1 | 0 | |a Χατζιδάκις, Γεώργιος Ν. |d 1848-1941. |
| 650 | 0 | 0 | |a Linguists |z Greece |x Biography. |
| 650 | 0 | 0 | |a Classicists |z Greece |x Biography. |
| 650 | 0 | 0 | |a Greek language |x Study and teaching |x History. |
| 830 | 0 | |a Λεξικογραφικόν Δελτίον. Παράρτημα ; |v 2 Α | |
| 852 | |a INST |b SAMOS |e 20101007 |h 489.3092 ΒΑΓ |p 005300033220 |q 005300033220 |t BK |y 0 | ||
| 901 | |a BIBL3-2010-3 | ||
| 909 | |a Σ |b 166108 | ||
| 970 | |a ΓΟΥΒΑΛΑ |b ΒΑΣΩ |z 2010/10/07 | ||